000 00528cam a2200181 4500500
005 20260405001127.0
041 _afre
042 _adc
100 1 0 _aTavoillot, Pierre-Henri
_eauthor
245 0 0 _aVirtuel/Réel
260 _c2011.
500 _a81
690 _aJean Baudrillard
690 _aRéel
690 _aVirtuel
786 0 _nPhilosophie magazine | 50 | 6 | 2011-06-01 | p. 20-20 | 1951-1787
856 4 1 _uhttps://shs.cairn.info/magazine-philosophie-magazine-2011-6-page-20?lang=fr&redirect-ssocas=7080
999 _c2044325
_d2044325